MARC details
| 000 -CABECERA |
| campo de control de longitud fija |
00821cam a2200253 a 4500 |
| 001 - NÚMERO DE CONTROL |
| campo de control |
000018758 |
| 005 - FECHA Y HORA DE LA ÚLTIMA TRANSACCIÓN |
| campo de control |
20200929165843.0 |
| 008 - DATOS DE LONGITUD FIJA--INFORMACIÓN GENERAL |
| campo de control de longitud fija |
820119s1972 fr 000 f fre d |
| 020 ## - NÚMERO INTERNACIONAL ESTÁNDAR DEL LIBRO |
| Número Internacional Estándar del Libro |
2253010677 |
| 040 ## - FUENTE DE LA CATALOGACIÓN |
| Centro catalogador/agencia de origen |
DO-SdBNP |
| Lengua de catalogación |
fre |
| Centro/agencia transcriptor |
LC |
| Centro/agencia modificador |
BNPHU |
| 082 ## - NÚMERO DE LA CLASIFICACIÓN DECIMAL DEWEY |
| Número de clasificación |
843.73 |
| Número de documento/Ítem |
B198c |
| 049 ## - FONDOS LOCALES (OCLC) |
| Fondos de biblioteca |
BNGR |
| 100 1# - ENTRADA PRINCIPAL--NOMBRE DE PERSONA |
| Nombre de persona |
Balzac, Honoré de, |
| Fechas asociadas al nombre |
1799-1850 |
| 9 (RLIN) |
13333 |
| 245 13 - MENCIÓN DE TÍTULO |
| Título |
La cousine Bette / |
| Mención de responsabilidad, etc. |
Balzac ; introducción de Roger Pierrot. |
| 260 ## - PUBLICACIÓN, DISTRIBUCIÓN, ETC. |
| Lugar de publicación, distribución, etc. |
[París] : |
| Nombre del editor, distribuidor, etc. |
Librairie Générale Française, |
| Fecha de publicación, distribución, etc. |
1972. |
| 300 ## - DESCRIPCIÓN FÍSICA |
| Extensión |
512 p. ; |
| Dimensiones |
18 cm. |
| 490 1# - MENCIÓN DE SERIE |
| Mención de serie |
Le Livre de Poche. Classique |
| Designación de volumen o secuencia |
952 |
| 650 #4 - PUNTO DE ACCESO ADICIONAL DE MATERIA--TÉRMINO DE MATERIA |
| Término de materia o nombre geográfico como elemento de entrada |
Novela francesa |
| 9 (RLIN) |
1075 |
| 650 #4 - PUNTO DE ACCESO ADICIONAL DE MATERIA--TÉRMINO DE MATERIA |
| Término de materia o nombre geográfico como elemento de entrada |
Literatura francesa |
| Subdivisión cronológica |
SIGLO XIX |
| 9 (RLIN) |
5031 |
| 700 1# - PUNTO DE ACCESO ADICIONAL--NOMBRE DE PERSONA |
| Nombre de persona |
Pierrot, Roger, |
| Término indicativo de función/relación |
introd. |
| 9 (RLIN) |
40482 |
| 830 #0 - PUNTO DE ACCESO ADICIONAL DE SERIE-TÍTULO UNIFORME |
| Título uniforme |
Le Livre de Poche. Classique ; |
| Designación de volumen o secuencia |
952 |
| 9 (RLIN) |
40483 |
| 910 ## - DATOS DE OPCIÓN DEL USUARIO (OCLC) |
| Datos de opción del usuario |
Catalogación derivada / LC |
| 910 ## - DATOS DE OPCIÓN DEL USUARIO (OCLC) |
| Datos de opción del usuario |
WM |